| 000 | 00515nam a2200169Ia 4500 | ||
|---|---|---|---|
| 999 |
_c22219 _d22219 |
||
| 082 | _aTB.0398 | ||
| 100 | _aBhatt, Mithilesh Narayan | ||
| 245 | 0 | _aThird sex (Eunuchs): a socio-legal study in global perspective | |
| 260 |
_c2009 _bJai Narain Vyas University, Jodhpur |
||
| 300 | _a481 | ||
| 504 | _aincludes bibliography | ||
| 650 |
_aEunuchs _vSocial conditions |
||
| 650 |
_aEunuchs _vLegal status, laws, etc |
||
| 650 |
_aEunuchs _vSocial conditions _zEunuchs |
||
| 710 | _aBhandari, M. K. | ||
| 942 |
_cTH _2ddc |
||